Statystyki dla Flagi państw z najwyższym procentem niebieskiego

Kliknij tutaj aby rozwiązać quiz!

Ogólne statystyki

  • Ten quiz został rozwiązany 17 856 razy
  • Średni wynik to 11 z 16

Statystyki odpowiedzi

Odpowiedź% Poprawnych
Kazachstan
95%
Australia
94%
Szwecja
94%
Kosowo
92%
Bośnia i Hercegowina
91%
Nowa Zelandia
91%
Somalia
76%
Fidżi
62%
Mikronezja
60%
Palau
60%
Botswana
59%
Nauru
58%
Wyspy Marshalla
56%
Saint Lucia
52%
Tuvalu
50%
Republika Zielonego Przylądka
49%

Rozkład punktacji

Percentyl według liczby udzielonych odpowiedzi

Procent ludzi z każdym wynikiem

Twoja historia wyników

Nie rozwiązałeś tego quizu